|
|
|
|
| LEADER |
00000nam a2200000 a 4500 |
| 001 |
vtls001103300 |
| 003 |
SK-MaSNL |
| 005 |
20260301183011.0 |
| 008 |
250414s1981 CS 0 ger |
| 015 |
|
|
|a SNBA1981/10
|
| 035 |
|
|
|a SNK000046142
|
| 040 |
|
|
|a SNK
|b slo
|c SNK
|e AACR2
|
| 041 |
0 |
|
|a ger
|
| 044 |
|
|
|a [CS]
|
| 080 |
|
|
|a 803.0(035)=30
|2 1981
|
| 100 |
1 |
|
|a Bendová, Veronika
|4 aut
|9 286054
|
| 245 |
1 |
0 |
|a Sprechen Sie Deutsch?
|b Príručka k televíznemu kurzu nemčiny
|c Veronika Bendová ; Eva Grebečiová
|
| 250 |
|
|
|a 1. vyd.
|
| 260 |
|
|
|a Bratislava
|b Obzor
|c 1981
|e Žilina
|f Pravda
|
| 300 |
|
|
|a 245 s., 11,30 AH
|b Tb.
|c 20 cm
|
| 366 |
|
|
|e 10000 výtl.
|
| 500 |
|
|
|a Nem.-slov. a slov.-nem. slovník. Na rube tit. listu 4. vyd. Súbež. náz. slov.
|
| 700 |
1 |
|
|a Grebečiová, Eva
|4 trl
|9 557668
|
| 852 |
|
|
|a Slovenská národná knižnica
|
| 958 |
|
|
|a TL
|
| 958 |
|
|
|a OND
|
| 999 |
|
|
|c 855513
|d 857443
|
| 952 |
|
|
|t P60, <04>, [BOOK], {604}
|a SNK
|b SNK
|y VYP
|7 0
|p 17A0425696
|o snkSD 51926/2 D1
|i snkKSP 7978/81
|0 0
|1 0
|4 0
|d 2004-05-26
|l 0
|r 2004-12-31 00:00:00
|w 2026-02-24
|